000 00709nam a2200277Ia 4500
005 20260324135243.0
008 008 260324s9999 xx 000 0 eng d
020 _a9780429217821
037 _aEBOOK
040 _aCRL
040 _beng
040 _cCRL
041 _2eng
041 _aeng
084 _qCRL
100 _aXian Ming Zeng; Gary Peter Martin; Christopher Marriott
_91199914
245 0 _aParticulate Interactions in Dry Powder Formulation for Inhalation
260 _bTaylor and Francis
260 _c2000
365 _a
365 _b385
856 _uhttp://www.taylorfrancis.com/books/9780429217821
942 _cEBOOK
999 _c1800789
_d1800789